| 000 | 00402nam a2200181Ia 4500 | ||
|---|---|---|---|
| 008 | 210210b1947 xxu||||| |||| 00| 0 eng d | ||
| 041 | _aeng | ||
| 082 | _a828/168 | ||
| 100 | _aCRESTON (D) | ||
| 245 | _aRegent and his daughter | ||
| 260 |
_aLondon _bNot Mentioned _c1947 |
||
| 650 | _aRegent | ||
| 650 | _ahis | ||
| 650 | _adaughter | ||
| 650 | _aand | ||
| 690 | _aBiography | ||
| 906 | _a016013 | ||
| 999 |
_c135403 _d135403 |
||